000
00311nam a22001337a 4500
003
SGT
082
_a
345.06
_b
BAR
100
_a
BARE ACT
245
_a
THE BHARATIYA SAKSHYA ADHINIYAM 2023
260
_a
GURUGRAM
_b
LEXIS NEXIS
_c
2024
300
_a
70
653
_a
EVIDENCE , EVIDENCE LAW
942
_2
ddc
_c
BK
_0
13
999
_c
27891
_d
27891